Catálogo
 En Linea

Geografía física, política e histórica de la isla de Santo Domingo o Haití : (Registro nro. 31294)

Detalles MARC
000 -CABECERA
campo de control de longitud fija 01106nam a2200265 i 4500
001 - NÚMERO DE CONTROL
campo de control 000031802
003 - IDENTIFICADOR DEL NÚMERO DE CONTROL
campo de control DO-SdBNP
005 - FECHA Y HORA DE LA ÚLTIMA TRANSACCIÓN
campo de control 20241112080252.0
007 - CAMPO FIJO DE DESCRIPCIÓN FÍSICA--INFORMACIÓN GENERAL
campo de control de longitud fija ta
008 - DATOS DE LONGITUD FIJA--INFORMACIÓN GENERAL
campo de control de longitud fija 110706s1915 dr ac 000 0 spa d
040 ## - FUENTE DE LA CATALOGACIÓN
Centro catalogador/agencia de origen DO-SdBNP
Lengua de catalogación spa
Centro/agencia transcriptor BNPHU
Normas de descripción rda
082 #4 - NÚMERO DE LA CLASIFICACIÓN DECIMAL DEWEY
Número de clasificación xxx
Número de documento/Ítem A727
Número de edición 22
100 1# - ENTRADA PRINCIPAL--NOMBRE DE PERSONA
Nombre de persona Armando Rodríguez, Cayetano,
Término indicativo de función/relación autor
9 (RLIN) 58020
245 10 - MENCIÓN DE TÍTULO
Título Geografía física, política e histórica de la isla de Santo Domingo o Haití :
Resto del título Precedida de nociones de cosmografía de geografía general de La Tierra y de una ligera reseña de las otras islas del Archipielago Antillano /
Mención de responsabilidad, etc. Cayetano Armando Rodríguez ; prólogo Luis A. Weber.
264 #1 - PRODUCCIÓN, PUBLICACIÓN, DISTRIBUCIÓN, FABRICACIÓN Y COPYRIGHT
Producción, publicación, distribución, fabricación y copyright Santo Domingo :
Nombre del de productor, editor, distribuidor, fabricante Imprenta J. R. Vda. García,
Fecha de producción, publicación, distribución, fabricación o copyright 1915.
300 ## - DESCRIPCIÓN FÍSICA
Extensión 460 páginas :
Otras características físicas ilustraciones, retratos ;
Dimensiones 24 cm.
336 ## - TIPO DE CONTENIDO
Fuente rdacontent
Término de tipo de contenido texto
Código de tipo de contenido txt
337 ## - TIPO DE MEDIO
Fuente rdamedia
Nombre/término del tipo de medio sin mediación
Código del tipo de medio n
338 ## - TIPO DE SOPORTE
Fuente rdacarrier
Nombre/término del tipo de soporte volumen
Código del tipo de soporte nc
500 ## - NOTA GENERAL
Nota general Incluye referencias bibliográficas y notas al pie de las páginas
590 ## - NOTA LOCAL (RLIN)
Nota local Inventariado, 2023/BT
700 1# - PUNTO DE ACCESO ADICIONAL--NOMBRE DE PERSONA
Nombre de persona Weber, Luis A.,
Término indicativo de función/relación prólogo
9 (RLIN) 57254
910 ## - DATOS DE OPCIÓN DEL USUARIO (OCLC)
Datos de opción del usuario Btavárez
942 ## - ELEMENTOS DE PUNTO DE ACCESO ADICIONAL (KOHA)
Fuente del sistema de clasificación o colocación Dewey Decimal Classification
Tipo de ítem Koha Libro
Existencias
Estado de retiro Estado de pérdida Fuente del sistema de clasificación o colocación Restricciones de uso No para préstamo Código de colección Localización permanente Ubicación/localización actual Ubicación en estantería Fecha de adquisición Fuente de adquisición Signatura topográfica completa Código de barras Fecha visto por última vez Precio válido a partir de Tipo de ítem Koha Nota pública Total de préstamos Número de copia
    Dewey Decimal Classification Excluido de préstamo   Patrimonio Dominicano Raros y Valiosos Biblioteca Nacional Pedro Henríquez Ureña Biblioteca Nacional Pedro Henríquez Ureña En catalogación 06.07.2011 Donación BNPHU PD-RV A727 31802-10 25.06.2020 25.06.2020 Libro Perteneció a la biblioteca personal de Martínez Boog.    
    Dewey Decimal Classification Excluido de préstamo   Patrimonio Dominicano Raros y Valiosos Biblioteca Nacional Pedro Henríquez Ureña Biblioteca Nacional Pedro Henríquez Ureña En catalogación 24.05.2023 Donación BNPHU PD-RV A727 31802-20 24.05.2023 24.05.2023 Libro Donado por la familia de Lebrón Saviñón.   e.2
    Dewey Decimal Classification Préstamo en sala   Dominicana de Servicio Biblioteca Nacional Pedro Henríquez Ureña Biblioteca Nacional Pedro Henríquez Ureña En catalogación 12.11.2024 Donado por la Presidencia de la República Dominicana 2023 BNPHU DS-RV A727 2024-6357 12.11.2024 12.11.2024 Libro Pertenecio a la biblioteca personal de Emilio Cordero Michel   e.3

Con tecnología Koha